QuizKnock 主な動画出演メンバー - Statistics

General Stats
  • This quiz has been taken 322 times
    227 since last reset
  • The average score is 6 of 8
Answer Stats
Answer % Correct
伊沢拓司
95%
ふくらP
85%
東言
76%
東問
74%
須貝駿貴
71%
鶴崎修功
57%
河村拓哉
54%
山本祥彰
52%
No matching quizzes found
Score Distribution
Percent of People with Each Score
Percentile by Number Answered
Your Score History
You have not taken this quiz since the last reset